[Event "KEN-ch"]
[Site "Nairobi"]
[Date "2022.12.26"]
[Round "1"]
[White "Muchiri, Patrick Murioga"]
[Black "Mwangi, Brian Gabriel"]
[Result "0-1"]
[WhiteElo "1304"]
[BlackElo "1760"]
[PlyCount "52"]
[EventDate "2022.12.26"]
[EventType "swiss"]
[EventRounds "9"]
[EventCountry "KEN"]
[SourceTitle "EXT 2024"]
[Source "ChessBase"]
[SourceDate "2023.10.10"]
[SourceVersion "1"]
[SourceVersionDate "2023.10.10"]
[SourceQuality "1"]

1. e4 c5 2. Nf3 d6 3. d4 cxd4 4. Nxd4 Nf6 5. Nc3 g6 6. Bg5 Bg7 7. Qe2 Nc6 8. Nxc6 bxc6 9. 0-0-0 Qa5 10. h4 Rb8 11. Bxf6 Bxf6 12. Qd3 Qb4 13. Kd2 Qxb2 14. Rb1 Qxc3+ 15. Qxc3 Bxc3+ 16. Kxc3 Rxb1 17. g3 0-0 18. Bg2 Be6 19. a4 Rbb8 20. a5 Rb5 21. e5 dxe5 22. Bxc6 Rc5+ 23. Kb4 Rxc6 24. Kb5 Rxc2 25. Ka6 Rc7 26. f4 Bc4# 0-1

[Event "KEN-ch"]
[Site "Nairobi"]
[Date "2021.12.26"]
[Round "2"]
[White "Isaac, Mukoko"]
[Black "Mwangi, Brian Gabriel"]
[Result "0-1"]
[WhiteElo "1774"]
[BlackElo "1373"]
[PlyCount "75"]
[EventDate "2021.12.26"]
[EventType "swiss"]
[EventRounds "9"]
[EventCountry "KEN"]
[SourceTitle "EXT 2023"]
[Source "ChessBase"]
[SourceDate "2022.10.05"]
[SourceVersion "1"]
[SourceVersionDate "2022.10.05"]
[SourceQuality "1"]

1. e4 c5 2. Nf3 d6 3. d4 cxd4 4. Nxd4 Nf6 5. Nc3 g6 6. Bg5 Bg7 7. Qd2 h6 8. Bh4 0-0 9. Bc4 Nc6 10. Nxc6 bxc6 11. 0-0 Rb8 12. Bb3 Qc7 13. Rad1 a5 14. Bxf6 Bxf6 15. Qxh6 e6 16. Qf4 Be5 17. Qh4 Ba6 18. Rfe1 d5 19. g3 Kg7 20. Qg5 d4 21. Ne2 c5 22. Nf4 Bxf4 23. gxf4 Rh8 24. e5 Bb7 25. Qf6+ Kg8 26. Rf1 Qc6 27. f3 c4 28. Rxd4 Qc5 29. Rfd1 cxb3 30. Kg2 Bd5 31. c4 bxa2 32. cxd5 Rxb2+ 33. Kg3 Rhxh2 34. f5 Rbg2+ 35. Kf4 a1Q 36. Qd8+ Kg7 37. dxe6 g5+ 38. Qxg5+ 0-1